00690nam a2200157 a 4500008004100000050001500041100002100056245009400077260005400171300002100225350000900246700002000255995010900275999001700384952013100401120416s1964 ||||||||||||||||| || u aDT 352 Pol aColeman, James S10aPolitical parties and national integration in tropical Africacedited by James S. Coleman aLos AngelesbUniversity of California Pressc1964 axi, 730p. : ill. a0.00 aRosberg, Carl G D0.00FCBU-MAIN LIBRARY (Kitwe)H1I10.00M1UAVAILABLEWSep 7, 2006ZMain Library Open Access Collection c53922d53922 00102lcc4070a001b001cMain Library Open Access Collectiond2022-11-30l0oDT 352 Polp000759r2022-11-30w2022-11-30y002